Process development: from the initial idea to the chemical production plant

Guardat en:
Dades bibliogràfiques
Autor principal: Vogel, G. Herbert (Autor)
Format: Llibre
Idioma:anglès
Publicat: Weinheim Wiley-VCH 2005
Edició:1a. ed
Matèries:
Etiquetes: Afegir etiqueta
Sense etiquetes, Sigues el primer a etiquetar aquest registre!

MARC

LEADER 00000nam a2200000 a 4500
001 UCK6512
003 CL-VaPUC
008 051007e20050000GW |||||||||||||||||eng|d
020 |a 3527310894 
082 0 4 |a 660.28  |b VOG  |2 21 
100 0 |a Vogel, G. Herbert  |e author  |9 495854 
245 1 0 |a Process development: from the initial idea to the chemical production plant 
250 |a 1a. ed 
300 |a 478 p 
942 |c BK 
945 |d 20051007 00:00:00  |a cmena 
260 |a Weinheim  |b Wiley-VCH  |c 2005 
650 0 |a Procesos químicos  |9 259436 
650 7 |a FISICA ORGANICA  |2 CL-VaPUC  |9 495855 
650 0 |a Química  |9 259896 
650 7 |a INDUSTRIAS QUIMICAS  |2 CL-VaPUC  |9 263925 
583 |a last modification  |c 20051007 00:00:00  |k Rodrigo Vera 
999 |c 314793  |d 314791 
952 |0 0  |1 0  |4 0  |6 660_280000000000000_VOG_2005  |7 0  |8 A  |9 387529  |a BIBING  |b BIBING  |d 2019-11-22  |i 4171950  |o 660.28 VOG 2005  |p 4171950  |r 2025-01-20  |w 2019-11-22  |y BK  |k EIB